Riešenie niektorých úloh lineárnej algebry v prostredí MS Excel

Salvato in:
Dettagli Bibliografici
Autore principale: Páleš, Michal, 1984-
Ente Autore: Fakulta hospodárskej informatiky EU. Katedra matematiky a aktuárstva
Natura: Libro
Lingua:slovacco
Pubblicazione: Bratislava 2016
Edizione:1. vyd.
Soggetti:
Tags: Aggiungi Tag
Nessun Tag, puoi essere il primo ad aggiungerne!!

MARC

LEADER 00000nam a2200000 4500
001 0213661
005 20240502073551.7
041 0 |a slo 
044 |a SK 
245 1 0 |a Riešenie niektorých úloh lineárnej algebry v prostredí MS Excel  |c Michal Páleš 
250 |a 1. vyd. 
264 1 |a Bratislava  |c 2016 
300 |a [7 s., 1 NS] 
610 2 0 |a matematika 
610 2 0 |a matice 
610 2 0 |a rovnice lineárne 
610 2 0 |a programovanie lineárne 
100 1 |a Páleš, Michal, 1984- 
710 2 |a Fakulta hospodárskej informatiky EU. Katedra matematiky a aktuárstva